Culture Générale - Série 412 - Statistiques

Statistiques générales
  • Ce quiz a été pris 613 fois
  • Le résultat moyen est 7 sur 10
Statistiques - réponses
Question Réponse % Correct
Le grand panda se nourrit essentiellement de pousses de... Bambou
96%
Dans le sigle OGM, de quel mot le "G" est-il l'initiale ? Génétiquement
91%
Quel chef-lieu du Lot-et-Garonne est réputé pour ses pruneaux ? Agen
89%
Combien de médailles d'or le nageur Michael Phelps a-t-il remportées aux Jeux olympiques de Pékin de 2012 ? 8
87%
De quel animal la hase est-elle la femelle ? Le Lièvre
78%
Comment se prénomme la plus jeune des filles de Grace Kelly et du prince Rainier III de Monaco ? Stéphanie
76%
Quelle est la devise du club de football de l'Olympique de Marseille ? Droit au but
66%
Un pentagone a 5 côtés. Comment appelle-t-on un polygone à 12 côtés ? Un dodécagone
60%
Quel est le prénom de l'épouse d'Abraracourcix dans la bande dessinée "Astérix le Gaulois" ? Bonemine
50%
A quel auteur américain doit-on les pièces : "Un Tramway nommé Désir" et "La Chatte sur un toit brûlant" ? Tennessee Williams
20%
Aucun quiz correspondant
Distribution des résultats
% des personnes avec chaque résultat
Percentile par nombre de réponses
Votre historique - résultats
Vous n’avez pas pris ce quiz